Catálogo
 En Linea

Breves ensayos / (Registro nro. 31830)

Detalles MARC
000 -CABECERA
campo de control de longitud fija 00695nam a2200241 a 4500
001 - NÚMERO DE CONTROL
campo de control 000032339
003 - IDENTIFICADOR DEL NÚMERO DE CONTROL
campo de control DO-SdBNP
005 - FECHA Y HORA DE LA ÚLTIMA TRANSACCIÓN
campo de control 20240722081008.0
007 - CAMPO FIJO DE DESCRIPCIÓN FÍSICA--INFORMACIÓN GENERAL
campo de control de longitud fija ta
008 - DATOS DE LONGITUD FIJA--INFORMACIÓN GENERAL
campo de control de longitud fija 110714s1945 dr 000 0 spa d
040 ## - FUENTE DE LA CATALOGACIÓN
Centro catalogador/agencia de origen DO-SdBNP
Lengua de catalogación spa
Centro/agencia transcriptor BNPHU
Normas de descripción rda
082 ## - NÚMERO DE LA CLASIFICACIÓN DECIMAL DEWEY
Número de documento/Ítem M516
Número de edición 22
100 1# - ENTRADA PRINCIPAL--NOMBRE DE PERSONA
Nombre de persona Mejía, Félix A.
Término indicativo de función/relación autor
9 (RLIN) 58345
245 10 - MENCIÓN DE TÍTULO
Título Breves ensayos /
Mención de responsabilidad, etc. Félix A. Mejía.
264 ## - PRODUCCIÓN, PUBLICACIÓN, DISTRIBUCIÓN, FABRICACIÓN Y COPYRIGHT
Producción, publicación, distribución, fabricación y copyright Ciudad Trujillo, República Dominicana :
Nombre del de productor, editor, distribuidor, fabricante Imprenta Arte y Cine,
Fecha de producción, publicación, distribución, fabricación o copyright 1945.
300 ## - DESCRIPCIÓN FÍSICA
Extensión 110 páginas. ;
Dimensiones 23 cm.
336 ## - TIPO DE CONTENIDO
Fuente rdacontent
Término de tipo de contenido texto
Código de tipo de contenido txt
337 ## - TIPO DE MEDIO
Fuente rdamedia
Nombre/término del tipo de medio sin mediación
Código del tipo de medio n
338 ## - TIPO DE SOPORTE
Fuente rdacarrier
Nombre/término del tipo de soporte volumen
Código del tipo de soporte nc
590 ## - NOTA LOCAL (RLIN)
Nota local Inventariado, 2024/DG
910 ## - DATOS DE OPCIÓN DEL USUARIO (OCLC)
Datos de opción del usuario DG
942 ## - ELEMENTOS DE PUNTO DE ACCESO ADICIONAL (KOHA)
Fuente del sistema de clasificación o colocación Dewey Decimal Classification
Tipo de ítem Koha Libro
Existencias
Estado de retiro Estado de pérdida Fuente del sistema de clasificación o colocación Restricciones de uso No para préstamo Código de colección Localización permanente Ubicación/localización actual Ubicación en estantería Fecha de adquisición Total de préstamos Signatura topográfica completa Código de barras Fecha visto por última vez Precio válido a partir de Tipo de ítem Koha Número de copia Nota pública Fuente de adquisición
    Dewey Decimal Classification Excluido de préstamo   Raros y valiosos Biblioteca Nacional Pedro Henríquez Ureña Biblioteca Nacional Pedro Henríquez Ureña En catalogación 14.07.2011   BNPHU PD M516 32339-10 25.06.2020 25.06.2020 Libro      
    Dewey Decimal Classification Excluido de préstamo   Raros y valiosos Biblioteca Nacional Pedro Henríquez Ureña Biblioteca Nacional Pedro Henríquez Ureña En catalogación 14.07.2011   BNPHU PD M516 32339-20 25.06.2020 25.06.2020 Libro e.2 Perteneció a la colección Julio Ortega Frier  
    Dewey Decimal Classification Préstamo en sala   Raros y valiosos Biblioteca Nacional Pedro Henríquez Ureña Biblioteca Nacional Pedro Henríquez Ureña En catalogación 15.07.2011   BNPHU DS M516 32339-30 25.06.2020 25.06.2020 Libro e 3 Perteneció a la colección Martínez Boog  
    Dewey Decimal Classification Préstamo en sala   Dominicana de Servicio Biblioteca Nacional Pedro Henríquez Ureña Biblioteca Nacional Pedro Henríquez Ureña En catalogación 22.07.2024   BNPHU DS M516 2024-4486 22.07.2024 22.07.2024 Libro e.4 Emilio Cordero Michel donación

Con tecnología Koha